000 00886nam a2200217 a 4500
008 100122s2008 ||||||||||||||||| || u
020 _a9780521676373
050 _aQA 276 Wei
100 _aAbramowitz, Sarah Knapp
245 1 0 _aStatistics using SPSS: an integrative approach.--2nd ed.
_cSharon Lawner Weinberg and Sarah Knapp Abramowitz
250 _a2nd ed.
260 _aCambridge
_bCambridge University Press
_c2008
300 _axv, 764p.: ill. + CD-ROM
350 _a0.00
500 _aAccompanied with a CD.
650 _aSPSS (COMPUTER FILE)--EXERCISES, PROGRAMS, ETC
650 3 _aP0PULATION STATISTICS
650 0 _aMATHEMATICAL STATISTICS--DATA PROCESSING
700 _aWeinberg, Sharon Lawner
995 _D0.00
_FCBU-MAIN LIBRARY (Kitwe)
_H1
_I0.00
_M1
_UAVAILABLE
_WMar 1, 2010
_ZMain Library Open Access Collection
999 _c58395
_d58395